Contribution à l'élaboration d'une base de données pour l'analyse et la gestion environnementale des exploitations minières (Record no. 49123)
[ view plain ]
| 000 -LEADER | |
|---|---|
| fixed length control field | 00903nam a22002657a 4500 |
| 003 - CONTROL NUMBER IDENTIFIER | |
| control field | 0 |
| 005 - DATE AND TIME OF LATEST TRANSACTION | |
| control field | 20160609170527.0 |
| 008 - FIXED-LENGTH DATA ELEMENTS--GENERAL INFORMATION | |
| fixed length control field | 110223t xxu||||| |||| 00| 0 eng d |
| 037 ## - SOURCE OF ACQUISITION | |
| Stock number | M16773 |
| Source of stock number/acquisition | BIBLIO |
| 040 ## - SOURCE DU CATALOGAGE | |
| Original cataloging agency | BUAC |
| Language of cataloging | Fr. |
| Transcribing agency | EPAC |
| 082 ## - DEWEY DECIMAL CLASSIFICATION NUMBER | |
| Classification number | 26.APE/DAN |
| 100 ## - VEDETTE PRINCIPALE - NOM DE PERSONNE | |
| Personal name | Gilles, K. M. DANDOGA |
| 9 (RLIN) | 14944 |
| 245 ## - TITLE STATEMENT | |
| Title | Contribution à l'élaboration d'une base de données pour l'analyse et la gestion environnementale des exploitations minières |
| Remainder of title | : Cas des départements du Zou et des Collines |
| 250 ## - EDITION STATEMENT | |
| Edition statement | EPAC ( APE) |
| 260 ## - PUBLICATION, DISTRIBUTION, ETC. (IMPRINT) | |
| Place of publication, distribution, etc | BUAC |
| Name of publisher, distributor, etc | EPAC |
| Date of publication, distribution, etc | 2007 |
| 300 ## - PHYSICAL DESCRIPTION | |
| Extent | 66 p |
| Other physical details | Couv. et ill. en coul. |
| Dimensions | 30cm |
| 500 ## - GENERAL NOTE | |
| General note | Mém. (M. ) Chim. ; EPAC / UAC. : 2007 |
| 504 ## - BIBLIOGRAPHY, ETC. NOTE | |
| Bibliography, etc | Réf. bibliogr.p 63- p 66 ; annexes |
| 630 ## - SUBJECT ADDED ENTRY--UNIFORM TITLE | |
| Uniform title | MINERAIE |
| 9 (RLIN) | 14945 |
| 650 ## - SUBJECT ADDED ENTRY--TOPICAL TERM | |
| Topical term or geographic name as entry element | MINES |
| 9 (RLIN) | 14946 |
| 650 ## - SUBJECT ADDED ENTRY--TOPICAL TERM | |
| Topical term or geographic name as entry element | :MATIERES PREMIERES |
| 9 (RLIN) | 14947 |
| 700 ## - ADDED ENTRY--PERSONAL NAME | |
| Personal name | ZEVOUNOU, Crepin |
| 9 (RLIN) | 14948 |
| 710 ## - ADDED ENTRY--CORPORATE NAME | |
| Corporate name or jurisdiction name as entry element | TOSSA, Cyriaque |
| 9 (RLIN) | 14949 |
| 942 ## - ADDED ENTRY ELEMENTS (KOHA) | |
| Koha item type | Thèse et Memoire |
| Withdrawn status | Lost status | Damaged status | Not for loan | Location (home branch) | Sublocation or collection (holding branch) | Date acquired | Source of acquisition | Koha issues (times borrowed) | Koha full call number | Piece designation (barcode) | Koha date last seen | Copy number | Price effective from | Koha item type | Public note |
|---|---|---|---|---|---|---|---|---|---|---|---|---|---|---|---|
| Bibliothèque Ecole Polytechnique d'Abomey-Calavi | Bibliothèque Ecole Polytechnique d'Abomey-Calavi | 23/02/2011 | Don | 26.APE/DAN | M16773EPAC | 23/02/2011 | 1 | 23/02/2011 | Thèse et Memoire | Prêt à domicile | |||||
| Bibliothèque Ecole Polytechnique d'Abomey-Calavi | Bibliothèque Ecole Polytechnique d'Abomey-Calavi | 23/02/2011 | Don | 26.APE/DAN | M16774EPAC | 23/02/2011 | 2 | 23/02/2011 | Thèse et Memoire | Prêt à domicile | |||||
| Bibliothèque Ecole Polytechnique d'Abomey-Calavi | Bibliothèque Ecole Polytechnique d'Abomey-Calavi | 23/02/2011 | Don | 26.APE/DAN | M16775EPAC | 23/02/2011 | 3 | 23/02/2011 | Thèse et Memoire | Prêt à domicile |